[Event "Russian Championship G13 2016"]
[Site "Loo"]
[Date "2016.04.23"]
[Round "4.17"]
[White "Shchedrova, Tatiana"]
[Black "Mikhailova, Yuliya"]
[Result "0-1"]
[WhiteElo "1443"]
[BlackElo "1644"]
[PlyCount "120"]
[EventDate "2016.04.20"]

1. e4 c5 2. d4 cxd4 3. c3 dxc3 4. Nxc3 Nc6 5. Nf3 Nf6 6. Bc4 e6 7. Qe2 d6 8.
O-O Be7 9. Rd1 Qc7 10. Bf4 e5 11. Bg5 a6 12. Rac1 Bg4 13. Qe3 Qd8 14. Be2 O-O
15. a3 h6 16. Bh4 Rc8 17. Rd2 Bxf3 18. Bxf3 Nd4 19. Rcd1 Qc7 20. Rd3 Qc6 21.
Bxf6 Bxf6 22. Bg4 Bg5 23. Qh3 Rcd8 24. Nd5 f5 25. Bxf5 Rxf5 26. exf5 Qxd5 27.
Kh1 Qe4 28. b4 Qxf5 29. Qxf5 Nxf5 30. g3 g6 31. Kg2 Kf7 32. h4 Bf6 33. Rc1 Ke6
34. Rc7 Rd7 35. Rc2 Nd4 36. Rcd2 Rc7 37. Rd1 Rc2 38. Kf1 Kd5 39. Re3 g5 40.
hxg5 Bxg5 41. Red3 Bf6 42. Re3 Bg5 43. Red3 Rc4 44. f3 Bd8 45. Ke1 Bb6 46. g4
Ke6 47. Kf1 Kf6 48. Kg2 Kg5 49. Kg3 Ne2+ 50. Kh2 Bd4 51. R1d2 Nf4 52. Rb3 b5
53. Kg3 d5 54. Kh2 e4 55. fxe4 dxe4 56. Rb1 e3 57. Ra2 e2 58. Re1 Rc6 59. Rexe2
Nxe2 60. Rxe2 Rf6 0-1

[Event "Russian Championship G13 2016"]
[Site "Loo"]
[Date "2016.04.23"]
[Round "4.18"]
[White "Zaripova, Arina"]
[Black "Kasaeva, Sofiia"]
[Result "0-1"]
[WhiteElo "1624"]
[BlackElo "1514"]
[PlyCount "86"]
[EventDate "2016.04.20"]

1. d4 d5 2. c4 e5 3. dxe5 d4 4. Nf3 Nc6 5. a3 Bg4 6. Nbd2 Qe7 7. b4 Nxe5 8.
Nxe5 Qxe5 9. Bb2 O-O-O 10. h3 Bh5 11. g4 Bg6 12. Nf3 Qe4 13. Qd3 Qc6 14. Qb3 d3
15. O-O-O d2+ 16. Rxd2 Rxd2 17. Kxd2 Qd6+ 18. Kc1 Qf4+ 19. Kd1 Nf6 20. Bg2 Be7
21. e3 Rd8+ 22. Bd4 Qd6 23. Kc1 Ne4 24. c5 Qa6 25. Bf1 Qe6 26. Bc4 Qc6 27. Ne5
Qf6 28. f3 Ng5 29. Bd5 Ne6 30. Nd7 Nxd4 31. Qa4 Nb3+ 32. Kd1 Rxd7 33. Qxb3 Qa1+
34. Ke2 Qxh1 35. Qc4 Qg2+ 36. Ke1 Qg3+ 37. Ke2 Qe5 38. Bxb7+ Kd8 39. e4 Qh2+
40. Ke1 Qg1+ 41. Ke2 Qd1+ 42. Kf2 Bh4+ 43. Ke3 Qd2# 0-1

[Event "Russian Championship G13 2016"]
[Site "Loo"]
[Date "2016.04.23"]
[Round "4.19"]
[White "Loskutova, Viktoriya"]
[Black "Rybakova, Anastasiya"]
[Result "1/2-1/2"]
[WhiteElo "1820"]
[BlackElo "1562"]
[PlyCount "104"]
[EventDate "2016.04.20"]

1. e4 e6 2. d4 d5 3. Nc3 Nf6 4. exd5 exd5 5. Bd3 Bd6 6. Nge2 O-O 7. O-O Bg4 8.
f3 Bh5 9. Bf4 Nc6 10. Bxd6 Qxd6 11. Ng3 Bg6 12. Bxg6 hxg6 13. Nce2 Rfe8 14. c3
Re3 15. Qd2 Rae8 16. Rae1 Qe7 17. Kf2 Kf8 18. Nf4 Rxe1 19. Rxe1 Qxe1+ 20. Qxe1
Rxe1 21. Kxe1 Ke7 22. Kd2 Kd6 23. h4 Ne7 24. Nd3 Nd7 25. Ke3 c5 26. Kf4 c4 27.
Nf2 f6 28. h5 Ke6 29. hxg6 Nxg6+ 30. Kg4 Ne7 31. Nh5 g6 32. Nf4+ Kf7 33. Nd1 g5
34. Nh3 Kg6 35. f4 f5+ 36. Kg3 g4 37. Nhf2 b5 38. Ne3 a5 39. Nfd1 Nf6 40. Kf2
Ne4+ 41. Ke1 Kf6 42. Nc2 Ke6 43. Ke2 Ng6 44. Ke3 Kd6 45. b3 Nh4 46. Ne1 Ng6 47.
Nc2 Kc6 48. b4 a4 49. Ne1 Nf8 50. Ke2 Ne6 51. Ke3 Kd6 52. Nc2 a3 1/2-1/2

[Event "Russian Championship G13 2016"]
[Site "Loo"]
[Date "2016.04.23"]
[Round "4.20"]
[White "Portnova, Ksenia"]
[Black "Shumakova, Svetlana"]
[Result "0-1"]
[WhiteElo "1504"]
[BlackElo "1589"]
[PlyCount "120"]
[EventDate "2016.04.20"]

1. d4 d5 2. Bf4 Nf6 3. e3 Bf5 4. Be2 e6 5. Nf3 c6 6. c3 Be7 7. Nh4 Bg6 8. Nxg6
hxg6 9. h3 Nbd7 10. Nd2 Nb6 11. Qc2 Bd6 12. Bxd6 Qxd6 13. f4 Nfd7 14. g4 f5 15.
g5 Qc7 16. Nf3 O-O-O 17. O-O-O Kb8 18. Kb1 Nc8 19. Ne5 Nxe5 20. dxe5 Qb6 21.
Qd3 Rh4 22. Bf1 a6 23. Bg2 Qb5 24. c4 Qb6 25. cxd5 cxd5 26. Rhf1 Ne7 27. e4
fxe4 28. Bxe4 Nf5 29. Bxf5 gxf5 30. Qg3 Rdh8 31. Rh1 Qb4 32. Rdf1 g6 33. Rf3
Qe4+ 34. Ka1 Qc4 35. a3 Qe4 36. Qf2 Qc4 37. Qb6 Qc6 38. Qxc6 bxc6 39. Rc1 Rc8
40. Rfc3 Kb7 41. Rb3+ Kc7 42. Rbc3 Kd7 43. Rf3 Rb8 44. Ka2 a5 45. Rc5 Rb5 46.
Rxb5 cxb5 47. b4 axb4 48. axb4 Kc6 49. Kb3 d4 50. Kc2 Kd5 51. Kd2 Ke4 52. Ke2
Rxf4 53. Rxf4+ Kxf4 54. h4 Kxe5 55. Kf3 Kd6 56. Ke2 e5 57. Kd3 Ke6 58. Ke2 e4
59. Kf2 f4 60. Ke2 Kf5 0-1

[Event "Russian Championship G13 2016"]
[Site "Loo"]
[Date "2016.04.23"]
[Round "4.21"]
[White "Vostrikova, Stanislava"]
[Black "Maltseva, Ekaterina"]
[Result "0-1"]
[WhiteElo "1581"]
[BlackElo "1520"]
[PlyCount "60"]
[EventDate "2016.04.20"]

1. e4 c5 2. Nf3 d6 3. d4 cxd4 4. Qxd4 Nc6 5. Bb5 Bd7 6. Bxc6 Bxc6 7. Nc3 Nf6 8.
Bg5 Nd7 9. Nd2 h6 10. Bh4 e5 11. Bxd8 exd4 12. Ba5 dxc3 13. Bxc3 Nc5 14. f3
O-O-O 15. b4 Ne6 16. a4 Be7 17. b5 Bd7 18. Nc4 f6 19. Ne3 Nc5 20. Nd5 Bf8 21.
Bd4 Be6 22. Bxc5 dxc5 23. c4 Bxd5 24. exd5 Re8+ 25. Kd2 Bd6 26. g3 Re5 27. Rae1
Rhe8 28. Rxe5 Rxe5 29. Re1 Rxe1 30. Kxe1 Kc7 0-1

[Event "Russian Championship G13 2016"]
[Site "Loo"]
[Date "2016.04.23"]
[Round "4.22"]
[White "Nur-Mukhametova, Alisa"]
[Black "Kamaeva, Dzhamilya"]
[Result "1-0"]
[WhiteElo "1570"]
[BlackElo "1491"]
[PlyCount "91"]
[EventDate "2016.04.20"]

1. e4 e5 2. Nf3 Nc6 3. Bb5 a6 4. Bxc6 dxc6 5. Nc3 Bd6 6. d4 Bg4 7. dxe5 Bxf3 8.
Qxf3 Bxe5 9. Bd2 Nf6 10. O-O-O Qe7 11. Rhe1 O-O-O 12. Qf5+ Kb8 13. f4 Bd4 14.
e5 Nd5 15. Ne4 g6 16. Qg5 Qe6 17. Kb1 h6 18. Qg3 Ne7 19. Qb3 Qxb3 20. axb3 Nf5
21. g4 Nh4 22. c3 Bb6 23. Rf1 Rhe8 24. Nf6 Re6 25. Kc2 Ng2 26. Rf3 Kc8 27. Rg3
Nh4 28. Rh3 Ng2 29. Rxh6 Be3 30. Rh3 Bxd2 31. Rxd2 Rxd2+ 32. Kxd2 Kb8 33. Nd7+
Ka7 34. Rf3 Re7 35. Nf6 Nh4 36. Rf2 Kb6 37. Ke3 g5 38. Ke4 gxf4 39. Rxf4 Ng6
40. Rf5 Re6 41. g5 Kb5 42. Ng4 a5 43. Rxf7 Kc5 44. Rf6 Rxf6 45. gxf6 Nf8 46.
Kf5 1-0

[Event "Russian Championship G13 2016"]
[Site "Loo"]
[Date "2016.04.23"]
[Round "4.23"]
[White "Kirchei, Viktoriia"]
[Black "Pakeeva, Namlana"]
[Result "1-0"]
[WhiteElo "1569"]
[BlackElo "1447"]
[PlyCount "43"]
[EventDate "2016.04.20"]

1. e4 c5 2. d3 Nc6 3. g3 g6 4. Bg2 Bg7 5. f4 d6 6. Nf3 e5 7. O-O Nge7 8. c3 O-O
9. Be3 b6 10. Nbd2 Re8 11. Qc2 d5 12. fxe5 Nxe5 13. Nxe5 Bxe5 14. exd5 Nxd5 15.
Bh6 Bg7 16. Bxg7 Kxg7 17. c4 Ne3 18. Qc3+ Kg8 19. Bxa8 Nxf1 20. Rxf1 Re3 21.
Be4 Bh3 22. Qf6 1-0

[Event "Russian Championship G13 2016"]
[Site "Loo"]
[Date "2016.04.23"]
[Round "4.25"]
[White "Galushko, Karina"]
[Black "Gaer, Margarita"]
[Result "1-0"]
[WhiteElo "1404"]
[BlackElo "1494"]
[PlyCount "77"]
[EventDate "2016.04.20"]

1. d4 d5 2. c4 c6 3. cxd5 cxd5 4. Bf4 Nc6 5. e3 Nf6 6. Nc3 e6 7. Nf3 Be7 8. Bd3
O-O 9. O-O b6 10. Rc1 Nb4 11. Bb1 Ba6 12. Re1 Nh5 13. Be5 f6 14. a3 Nc6 15. Qc2
g6 16. Bg3 Nxg3 17. hxg3 Rc8 18. Kh2 Qe8 19. Rh1 Qf7 20. Kg1 Bb7 21. Rh3 Na5
22. Kh2 Nc4 23. Rh1 Kg7 24. Kg1 Rh8 25. Rh6 Nd6 26. Nh4 Nf5 27. Nxf5+ exf5 28.
Qe2 Bd6 29. g4 Bxa3 30. gxf5 g5 31. f4 Be7 32. fxg5 Rcg8 33. g6 hxg6 34. fxg6
Qe6 35. Rxh8 Rxh8 36. Rxh8 Kxh8 37. Qh5+ Kg7 38. Qh7+ Kf8 39. g7+ 1-0

[Event "Russian Championship G15 2016"]
[Site "Loo"]
[Date "2016.04.23"]
[Round "4.1"]
[White "Vinokur, Yuliya"]
[Black "Miroshnik, Ekaterina"]
[Result "1/2-1/2"]
[WhiteElo "1963"]
[BlackElo "1896"]
[PlyCount "110"]
[EventDate "2016.04.20"]

1. d4 d5 2. c4 e6 3. Nc3 Nf6 4. Bg5 Nbd7 5. e3 Be7 6. Nf3 O-O 7. Rc1 h6 8. Bh4
b6 9. cxd5 exd5 10. Bd3 Bb7 11. O-O c5 12. Bb1 Rc8 13. Qc2 Ne4 14. Bxe7 Qxe7
15. Rfd1 Ndf6 16. Ne5 a6 17. Qe2 b5 18. f3 cxd4 19. exd4 Nxc3 20. bxc3 Rc7 21.
Qd3 g6 22. Re1 Qd6 23. Qd2 Kg7 24. g4 Rfc8 25. h4 Nh7 26. g5 hxg5 27. hxg5 b4
28. Qf4 Qe7 29. cxb4 Rxc1 30. Rxc1 Rxc1+ 31. Qxc1 Qxg5+ 32. Qxg5 Nxg5 33. Kf2
Ne6 34. Ke3 f5 35. Bc2 Nd8 36. Nd7 Nc6 37. a3 Bc8 38. Nc5 f4+ 39. Kxf4 Nxd4 40.
Bd3 Kf6 41. a4 Nc6 42. Bxa6 g5+ 43. Ke3 d4+ 44. Ke2 d3+ 45. Ke3 Bf5 46. b5 Nb4
47. Bb7 Ke5 48. a5 Nc2+ 49. Kd2 Na3 50. Nxd3+ Kd4 51. Nb4 Kc5 52. Nd5 Nc4+ 53.
Kc3 Nxa5 54. Ne3 Nxb7 55. Nxf5 Kxb5 1/2-1/2

[Event "Russian Championship G15 2016"]
[Site "Loo"]
[Date "2016.04.23"]
[Round "4.2"]
[White "Budnikova, Varvara"]
[Black "Pankova, Julia"]
[Result "1/2-1/2"]
[WhiteElo "1932"]
[BlackElo "1861"]
[PlyCount "74"]
[EventDate "2016.04.20"]

1. e4 c5 2. Nf3 d6 3. c3 Nf6 4. h3 g6 5. Bd3 Bg7 6. Bc2 O-O 7. O-O Nc6 8. d4
cxd4 9. cxd4 d5 10. e5 Ne4 11. Re1 Bf5 12. Nbd2 Nxd2 13. Bxd2 Bxc2 14. Qxc2 Rc8
15. Qb3 Qd7 16. Rac1 Rc7 17. Rc2 Rfc8 18. Rec1 Bf8 19. a3 Qd8 20. e6 fxe6 21.
Bf4 e5 22. Bxe5 Nxe5 23. Nxe5 Rxc2 24. Rxc2 Rxc2 25. Qxc2 Bg7 26. Nf3 Qd7 27.
Qc5 b6 28. Qc2 Bf6 29. Qc3 Kg7 30. g4 Kg8 31. Kg2 Bg7 32. Qc2 Bf6 33. Qc3 Bg7
34. Qc2 Bf6 35. Qc3 Bg7 36. Qc2 Bf6 37. Qc3 Bg7 1/2-1/2

[Event "Russian Championship G15 2016"]
[Site "Loo"]
[Date "2016.04.23"]
[Round "4.3"]
[White "Koroleva, Evgeniya"]
[Black "Maltsevskaya, Aleksandra"]
[Result "0-1"]
[WhiteElo "1881"]
[BlackElo "2146"]
[PlyCount "80"]
[EventDate "2016.04.20"]

1. d4 Nf6 2. c4 g6 3. Nc3 Bg7 4. e4 d6 5. Be2 O-O 6. Bg5 h6 7. Be3 c5 8. e5
dxe5 9. dxe5 Qxd1+ 10. Rxd1 Ng4 11. Bxc5 Nxe5 12. Nd5 Nbc6 13. b3 Bf5 14. Bxe7
Rfe8 15. Bf6 Rac8 16. Bxg7 Kxg7 17. Ne3 Nb4 18. Nf3 Nxa2 19. Nd4 Nc3 20. Rc1
Nxe2 21. Kxe2 Bd3+ 22. Kd2 Be4 23. Ra1 b5 24. f3 Red8 25. Kc3 b4+ 26. Kxb4 Rxd4
27. fxe4 Rb8+ 28. Kc5 Rxe4 29. Nf1 Nd3+ 30. Kd5 Rf4 31. Rxa7 Rd8+ 32. Kc6 Rf6+
33. Kc7 Re8 34. Kd7 Kf8 35. Ra5 Re7+ 36. Kc8 Rc6+ 37. Kb8 Nb4 38. Nd2 Rb6+ 39.
Ka8 Nc6 40. Rb5 Ra6# 0-1

[Event "Russian Championship G15 2016"]
[Site "Loo"]
[Date "2016.04.23"]
[Round "4.4"]
[White "Znamenskaya, Darya"]
[Black "Afanasieva, Alexandra"]
[Result "0-1"]
[WhiteElo "1589"]
[BlackElo "1901"]
[PlyCount "112"]
[EventDate "2016.04.20"]

1. d4 Nf6 2. c4 e6 3. Nc3 Bb4 4. a3 Bxc3+ 5. bxc3 O-O 6. Nf3 c5 7. e3 b6 8. Bd3
Nc6 9. e4 Ne8 10. Be3 d6 11. O-O Na5 12. Nd2 Ba6 13. f4 Rc8 14. f5 exf5 15.
Rxf5 cxd4 16. Bxd4 Nxc4 17. Qe2 Nxd2 18. Qxd2 Bxd3 19. Qxd3 Nc7 20. Qg3 f6 21.
Raf1 Ne8 22. Qg4 Rc7 23. e5 dxe5 24. Bxe5 Rcf7 25. Bd4 Nd6 26. Rh5 Qe7 27. Qh3
g6 28. Rd5 Nf5 29. a4 Qe6 30. Rb5 Nxd4 31. cxd4 Qxh3 32. gxh3 Rd7 33. Rd1 Rfd8
34. d5 Kf7 35. Kf2 Re8 36. Rb4 f5 37. Kf3 Kf6 38. Rbd4 Rd6 39. Rh4 Re7 40. Rhd4
g5 41. h4 h6 42. h3 Re5 43. R1d2 Re1 44. Rc4 Re7 45. Rd1 Red7 46. Ke3 Ke5 47.
hxg5 hxg5 48. Rc3 Rxd5 49. Rg1 Kf6 50. Rc6+ R5d6 51. Rc4 Rd3+ 52. Ke2 Rd2+ 53.
Ke1 Rd1+ 54. Kf2 R7d2+ 55. Ke3 f4+ 56. Kf3 Rxg1 0-1

[Event "Russian Championship G15 2016"]
[Site "Loo"]
[Date "2016.04.23"]
[Round "4.5"]
[White "Goltseva, Ekaterina"]
[Black "Levicheva, Ekaterina"]
[Result "1-0"]
[WhiteElo "2137"]
[BlackElo "1766"]
[PlyCount "105"]
[EventDate "2016.04.20"]

1. d4 Nf6 2. c4 g6 3. Nc3 Bg7 4. e4 d6 5. Nge2 O-O 6. Ng3 e5 7. d5 Nbd7 8. Be2
Ne8 9. Be3 f5 10. exf5 gxf5 11. f4 Qh4 12. O-O exf4 13. Bxf4 Ne5 14. Nh5 Ng6
15. Bg3 Qd4+ 16. Kh1 Qxd1 17. Raxd1 Be5 18. Nf4 Ng7 19. Nb5 Rf7 20. b3 a6 21.
Nd4 Nxf4 22. Bxf4 Bd7 23. g3 Re8 24. Bf3 Bxf4 25. gxf4 Ree7 26. Rde1 Kf8 27.
Rg1 Rxe1 28. Rxe1 Re7 29. Rxe7 Kxe7 30. Be2 h6 31. Kg2 Kd8 32. Bd3 c5 33. dxc6
bxc6 34. b4 Kc7 35. c5 Bc8 36. Kf3 dxc5 37. bxc5 Kb7 38. a4 Kc7 39. a5 Kb7 40.
Bc4 Kc7 41. Bf7 Kb7 42. Bc4 Kc7 43. Ke2 Kb7 44. Ke3 Kc7 45. Nc2 Ne6 46. Bxe6
Bxe6 47. Kd4 Kb7 48. Ke5 Ba2 49. Nd4 Kc7 50. Kxf5 Kd7 51. Kf6 Bd5 52. f5 Bc4
53. Kg7 1-0

[Event "Russian Championship G15 2016"]
[Site "Loo"]
[Date "2016.04.23"]
[Round "4.6"]
[White "Shengeliya, Anastasiya"]
[Black "Filippova, Darya"]
[Result "0-1"]
[WhiteElo "1752"]
[BlackElo "1976"]
[PlyCount "74"]
[EventDate "2016.04.20"]

1. e4 c6 2. d4 d5 3. e5 c5 4. c3 Nc6 5. f4 Bf5 6. Bd3 Bxd3 7. Qxd3 e6 8. Nf3
Qb6 9. b3 Rc8 10. Be3 Nh6 11. O-O Ng4 12. dxc5 Bxc5 13. Bxc5 Qxc5+ 14. Nd4 O-O
15. h3 Nh6 16. Kh2 Nxd4 17. cxd4 Qa5 18. a4 Rc6 19. Ra2 Rfc8 20. Rff2 Nf5 21.
Na3 Rc3 22. Rfc2 Rxc2 23. Rxc2 Rc6 24. Rxc6 bxc6 25. Nc2 h5 26. Ne3 Ne7 27. f5
Qe1 28. Nc2 Qf2 29. fxe6 fxe6 30. b4 Nf5 31. b5 cxb5 32. axb5 Kh8 33. Qd1 g6
34. Qd3 Kg7 35. Qc3 Kh6 36. Qd3 g5 37. Nb4 Ne3 0-1

[Event "Russian Championship G15 2016"]
[Site "Loo"]
[Date "2016.04.23"]
[Round "4.7"]
[White "Voskresenskaya, Marta"]
[Black "Zotova, Anastasia"]
[Result "0-1"]
[WhiteElo "1751"]
[BlackElo "1934"]
[PlyCount "94"]
[EventDate "2016.04.20"]

1. d4 Nf6 2. c4 g6 3. Nc3 d5 4. Nf3 Bg7 5. Bg5 Ne4 6. cxd5 Nxg5 7. Nxg5 e6 8.
Nf3 exd5 9. e3 O-O 10. Bd3 c6 11. O-O Bg4 12. h3 Bxf3 13. Qxf3 Nd7 14. Rfd1 f5
15. Rac1 f4 16. e4 Bxd4 17. exd5 Ne5 18. Qe4 Qg5 19. dxc6 f3 20. g4 Bxf2+ 21.
Kxf2 Qh4+ 22. Ke3 Rae8 23. Qd5+ Kg7 24. Ne4 f2 25. Kd2 Nxd3 26. Qxd3 Rd8 27.
Nd6 Rf6 28. Kc2 Rfxd6 29. Qxd6 Rxd6 30. Rxd6 bxc6 31. Rd3 Qg5 32. Rf1 Qe5 33.
Rdd1 Qe3 34. Rh1 Kf6 35. b3 Ke5 36. Kb2 Ke4 37. Kc2 Qe2+ 38. Kb1 Kf3 39. Rc1
Kg2 40. a4 g5 41. Rcd1 f1=Q 42. Rdxf1 Qxf1+ 43. Rxf1 Kxf1 44. b4 Kg2 45. b5
cxb5 46. axb5 Kxh3 47. Kb2 Kxg4 0-1

[Event "Russian Championship G15 2016"]
[Site "Loo"]
[Date "2016.04.23"]
[Round "4.8"]
[White "Zaitseva, Lyudmila"]
[Black "Bulatova, Kamaliya"]
[Result "0-1"]
[WhiteElo "1750"]
[BlackElo "1893"]
[PlyCount "54"]
[EventDate "2016.04.20"]

1. d4 Nf6 2. c4 g6 3. Nc3 Bg7 4. e4 d6 5. f3 O-O 6. Be3 Nc6 7. Nge2 a6 8. Qd2
Rb8 9. Nc1 e5 10. d5 Nd4 11. Nb3 Nxb3 12. axb3 c5 13. b4 cxb4 14. Na4 b5 15.
cxb5 axb5 16. Qxb4 Nxe4 17. fxe4 Qh4+ 18. Kd2 Bh6 19. Nc3 Qf2+ 20. Kd1 Qxe3 21.
Nxb5 Bg4+ 22. Kc2 Rfc8+ 23. Kb1 Bd7 24. Ra5 Qc1+ 25. Ka2 Bd2 26. Qxd6 Bxa5 27.
Qxd7 Rc2 0-1

[Event "Russian Championship G15 2016"]
[Site "Loo"]
[Date "2016.04.23"]
[Round "4.9"]
[White "Getman, Tatyana"]
[Black "Popova, Irina"]
[Result "1/2-1/2"]
[WhiteElo "1732"]
[BlackElo "1856"]
[PlyCount "125"]
[EventDate "2016.04.20"]

1. d4 Nf6 2. Nf3 e6 3. e3 d5 4. Bd3 c5 5. c3 Nbd7 6. Nbd2 Bd6 7. O-O O-O 8. Qe2
Qc7 9. h3 e5 10. dxe5 Nxe5 11. Nxe5 Bxe5 12. e4 c4 13. Bc2 b5 14. exd5 Re8 15.
Qf3 Bb7 16. Ne4 Nxd5 17. Qh5 g6 18. Qh4 f5 19. Ng5 Rad8 20. Nf3 Bg7 21. Bg5 Rc8
22. a3 a5 23. Bh6 Bf6 24. Bg5 Bh8 25. Bd2 b4 26. axb4 axb4 27. Nd4 b3 28. Bb1
Bf6 29. Bg5 Bxg5 30. Qxg5 Qf4 31. Qxf4 Nxf4 32. f3 Ne2+ 33. Nxe2 Rxe2 34. Rf2
Rce8 35. Ra7 Bd5 36. Rd7 Bf7 37. Rd1 Kg7 38. Kf1 R2e5 39. Rfd2 Kf6 40. Kf2 Ra5
41. Rd6+ Re6 42. Rd7 Ree5 43. R1d6+ Be6 44. Rd8 Red5 45. Rxd5 Bxd5 46. Re8 Be6
47. Rd8 Ke5 48. Rd4 Bd5 49. Ke3 Ra1 50. Rd1 g5 51. g4 fxg4 52. hxg4 h6 53. Re1
Bc6 54. Rd1 Bd5 55. Re1 Bf7 56. Kf2+ Kf6 57. Be4 Rxe1 58. Kxe1 Ke5 59. Kf2 Kf4
60. Bc6 Be6 61. Bb7 Bg8 62. Bc6 Be6 63. Bb7 1/2-1/2

[Event "Russian Championship G15 2016"]
[Site "Loo"]
[Date "2016.04.23"]
[Round "4.10"]
[White "Buchina, Polina"]
[Black "Fonyak, Marina"]
[Result "0-1"]
[WhiteElo "1711"]
[BlackElo "1852"]
[PlyCount "160"]
[EventDate "2016.04.20"]

1. d4 Nf6 2. c4 e6 3. Nc3 Bb4 4. Nf3 d5 5. e3 O-O 6. Bd3 c5 7. a3 Bxc3+ 8. bxc3
cxd4 9. cxd4 dxc4 10. Bxc4 b6 11. O-O Qc7 12. Bb3 Bb7 13. Bb2 Rd8 14. Rc1 Qd6
15. Ne5 Nbd7 16. Qe2 Rac8 17. f3 Qb8 18. Nxd7 Nxd7 19. a4 Nf6 20. e4 Qf4 21.
Qd3 Rc5 22. Bd5 Rxc1 23. Bxc1 Qc7 24. Bb3 Qd6 25. Bb2 a6 26. Rc1 Qd7 27. Qe3 h6
28. Qf4 Bc6 29. Rc4 Ne8 30. Qc1 Bb7 31. h3 Qd6 32. Qe3 Qg3 33. Ba3 b5 34. Rc5
Nd6 35. Qc3 Ba8 36. Bb4 Bb7 37. Ba5 Rd7 38. Bc7 Qf4 39. Qd3 Qg3 40. Qe3 Rxc7
41. Rxc7 Nc4 42. Rxc4 bxc4 43. Bxc4 Qd6 44. Qd3 Qc6 45. Qb3 Kh7 46. Kh1 Qc7 47.
Qd3 Kg8 48. Bxa6 Bxa6 49. Qxa6 Qc1+ 50. Kh2 Qf4+ 51. Kg1 Qe3+ 52. Kf1 Qc1+ 53.
Ke2 Qc2+ 54. Ke3 Qc1+ 55. Kf2 Qd2+ 56. Kg3 Qg5+ 57. Kh2 Qf4+ 58. g3 Qd2+ 59.
Kh1 Qd1+ 60. Kg2 Qd2+ 61. Kf1 Qd1+ 62. Kf2 Qd2+ 63. Qe2 Qxd4+ 64. Kg2 Qxa4 65.
h4 Qd4 66. Qc2 Qd8 67. Qc6 Qd2+ 68. Kh3 Qd8 69. Kg4 Qf6 70. Qd7 h5+ 71. Kh3
Qxf3 72. Qd2 Qh1+ 73. Qh2 Qxe4 74. Qg1 Qg4+ 75. Kh2 Qe2+ 76. Kh3 e5 77. Qc1
Qg4+ 78. Kh2 e4 79. Qe3 Qe6 80. Qg5 e3 0-1

[Event "Russian Championship G15 2016"]
[Site "Loo"]
[Date "2016.04.23"]
[Round "4.11"]
[White "Serditykh, Olesya"]
[Black "Urvacheva, Arina"]
[Result "1-0"]
[WhiteElo "1844"]
[BlackElo "1750"]
[PlyCount "105"]
[EventDate "2016.04.20"]

1. d4 Nf6 2. c4 e6 3. Nf3 Nc6 4. Nc3 Bb4 5. Bg5 h6 6. Bxf6 Qxf6 7. e3 O-O 8.
Qc2 d6 9. Bd3 e5 10. O-O Bxc3 11. Qxc3 Bg4 12. dxe5 dxe5 13. Be4 Bxf3 14. Bxf3
Rfe8 15. Bxc6 Qxc6 16. Rfd1 Rad8 17. Rd3 Rd6 18. Rad1 Red8 19. h3 f6 20. b4
Rxd3 21. Rxd3 Rxd3 22. Qxd3 Kf7 23. Kf1 Qa4 24. Qd5+ Kg6 25. Qd3+ Kf7 26. b5 c6
27. Qd7+ Kg6 28. Qd3+ Kf7 29. bxc6 bxc6 30. g4 Ke7 31. a3 Qa6 32. Kg2 Qb7 33.
Kg3 Qb8 34. Qe4 Qd6 35. a4 Kf7 36. Qb1 Qc7 37. Qb3 Kg6 38. c5 f5 39. Qe6+ Kh7
40. gxf5 e4+ 41. Qd6 Qf7 42. Qe5 Qc4 43. Qd4 Qc2 44. f6 gxf6 45. Qd7+ Kg6 46.
Qxc6 Kg5 47. h4+ Kg6 48. Qe8+ Kg7 49. c6 Qxa4 50. Qe7+ Kg6 51. c7 Qc6 52. Qd8
Qc1 53. Qg8+ 1-0

[Event "Russian Championship G15 2016"]
[Site "Loo"]
[Date "2016.04.23"]
[Round "4.12"]
[White "Filippova, Margarita"]
[Black "Kvachko, Anastasiya"]
[Result "0-1"]
[WhiteElo "1710"]
[BlackElo "1831"]
[PlyCount "114"]
[EventDate "2016.04.20"]

1. d4 e6 2. Nf3 Nf6 3. e3 d5 4. Bd3 Be7 5. O-O O-O 6. Nbd2 b6 7. b3 Ba6 8. Bxa6
Nxa6 9. Bb2 Rc8 10. a3 c5 11. Qe2 Nb8 12. Rac1 Nbd7 13. Rfd1 Qc7 14. Ne5 Nxe5
15. dxe5 Nd7 16. Nf3 c4 17. Nd4 a6 18. f4 c3 19. Ba1 Bxa3 20. Rb1 b5 21. Qd3
Bb4 22. Rf1 Nc5 23. Qe2 Ne4 24. Rbd1 Bc5 25. Rd3 Nd2 26. Rd1 b4 27. Qg4 Rfe8
28. Ne2 Qb6 29. Qh3 g6 30. Re1 Qa5 31. Qg4 Qa2 32. Rc1 h5 33. Qg3 Nxb3 34. Nxc3
Nxc1 35. Nxa2 Ne2+ 36. Kf2 Nxg3 37. hxg3 Be7 38. Rd2 Rc4 39. Ke2 Rec8 40. Kd1
Bc5 41. Re2 a5 42. Nc1 a4 43. Nd3 b3 44. cxb3 axb3 45. Bb2 Ba7 46. Ne1 d4 47.
e4 Bb6 48. Rd2 Ba5 49. Rd3 Bxe1 50. Kxe1 Rc1+ 51. Bxc1 Rxc1+ 52. Rd1 b2 53. Kd2
Rxd1+ 54. Kxd1 b1=Q+ 55. Kd2 d3 56. f5 Qc2+ 57. Ke1 Qe2# 0-1

[Event "Russian Championship G15 2016"]
[Site "Loo"]
[Date "2016.04.23"]
[Round "4.13"]
[White "Shakhmatova, Kseniya"]
[Black "Alferova, Polina"]
[Result "1/2-1/2"]
[WhiteElo "1828"]
[BlackElo "1698"]
[PlyCount "119"]
[EventDate "2016.04.20"]

1. e4 c6 2. d4 d5 3. exd5 cxd5 4. c4 Nf6 5. Nc3 g6 6. Nf3 Bg7 7. Be2 O-O 8. O-O
dxc4 9. Bxc4 Nbd7 10. h3 Nb6 11. Bb3 Nbd5 12. Re1 e6 13. Bd2 b6 14. Rc1 Bb7 15.
Ne5 Nxc3 16. Bxc3 Nd7 17. Qe2 Nxe5 18. dxe5 Qg5 19. f3 Rfd8 20. Rcd1 Rac8 21.
Kh1 Qg3 22. Bd4 Qg5 23. Bc3 Qg3 24. Bd4 Qf4 25. Bc3 Qg3 26. Bd4 Qg5 27. Qe3
Qxe3 28. Rxe3 Bh6 29. Ree1 Bf4 30. Bc3 Bg3 31. Rxd8+ Rxd8 32. Rd1 Rxd1+ 33.
Bxd1 Ba6 34. a4 Kf8 35. Bd4 Ke7 36. a5 bxa5 37. Bxa7 Bxe5 38. b3 Bc3 39. Kg1
Kd6 40. Kf2 Kd5 41. Kg3 Bd4 42. Bb8 Be5+ 43. Bxe5 Kxe5 44. f4+ Kd4 45. Kg4 h6
46. h4 f5+ 47. Kg3 e5 48. h5 gxh5 49. fxe5 Kxe5 50. Bxh5 Bd3 51. Bf7 Be4 52.
Bh5 Kd4 53. Kf4 Kc3 54. g4 Kxb3 55. gxf5 Bd5 56. f6 a4 57. f7 Bxf7 58. Bxf7+
Kb2 59. Kg4 a3 60. Kh5 1/2-1/2

[Event "Russian Championship G15 2016"]
[Site "Loo"]
[Date "2016.04.23"]
[Round "4.14"]
[White "Kurkova, Sofia"]
[Black "Sargsyan, Anna"]
[Result "1-0"]
[WhiteElo "1700"]
[BlackElo "1783"]
[PlyCount "39"]
[EventDate "2016.04.20"]

1. g3 c5 2. Bg2 e5 3. Nc3 Nc6 4. d3 g6 5. e4 Bg7 6. Be3 d6 7. Qd2 Nge7 8. Nge2
O-O 9. Bh6 Be6 10. h4 Qd7 11. h5 f5 12. Bxg7 Kxg7 13. hxg6 Nxg6 14. Qh6+ Kg8
15. exf5 Rxf5 16. g4 Rff8 17. Ne4 Bxg4 18. Ng5 Qg7 19. Bd5+ Kh8 20. Qxh7+ 1-0

[Event "Russian Championship G15 2016"]
[Site "Loo"]
[Date "2016.04.23"]
[Round "4.15"]
[White "Uskova, Taisiya"]
[Black "Bogdanova, Natalya"]
[Result "1/2-1/2"]
[WhiteElo "1811"]
[BlackElo "1806"]
[PlyCount "117"]
[EventDate "2016.04.20"]

1. e4 e5 2. Nf3 Nc6 3. Bb5 Nf6 4. O-O Nxe4 5. Re1 Nf6 6. Nxe5 Be7 7. d4 O-O 8.
h3 a6 9. Nxc6 dxc6 10. Bd3 c5 11. dxc5 Bxc5 12. Be3 Bb4 13. c3 Bd6 14. Bc2 Be7
15. Nd2 Nd5 16. Bd4 Bf6 17. Ne4 Bxd4 18. Qxd4 Nf4 19. Qe3 Ng6 20. Rad1 Qe7 21.
Qg3 Qe5 22. Qxe5 Nxe5 23. Ng5 Ng6 24. Bb3 Nh8 25. Re7 Bf5 26. Rxc7 h6 27. Nf3
Be4 28. Rdd7 Rad8 29. Ne5 Rxd7 30. Rxd7 b6 31. f3 Bf5 32. Rb7 b5 33. Ra7 Bc8
34. Kf2 g5 35. g4 Kg7 36. Kg3 Kf6 37. Nd7+ Bxd7 38. Rxd7 Ra8 39. Bd5 Rb8 40.
Ra7 Rb6 41. Bb7 a5 42. Ra6 Rxa6 43. Bxa6 b4 44. cxb4 axb4 45. Bd3 Ke5 46. a3
Kd4 47. a4 Kc5 48. b3 f6 49. h4 Nf7 50. hxg5 hxg5 51. Kf2 Ne5 52. Ke3 Kd5 53.
Bb5 Ng6 54. Bc4+ Kc5 55. Ke4 Ne7 56. Bf7 Kd6 57. Be8 Kc5 58. Bf7 Kd6 59. Be8
1/2-1/2